Centrum chorvátskej kultúry, Jarovce

Saved in:
Bibliographic Details
Main Author: Kubisová, Martina (Author)
Other Authors: Šimkovič, Vladimír (Thesis advisor)
Format: Manuscript Book
Language:Slovak
Published: 2025
Subjects:
Online Access:http://is.stuba.sk/zp/portal_zp.pl?podrobnosti=168391
Tags: Add Tag
No Tags, Be the first to tag this record!

MARC

LEADER 00000ntm a22000003a 4500
001 stuzp104628
003 SK-STU
005 20250614213201.7
007 ta
008 150427s2015----xo-----f-mn---000-0-slo-d
040 |a STU  |b slo 
041 0 |a slo 
100 1 |a Kubisová, Martina  |u 058180  |4 aut  |U FAD Fakulta architektúry a dizajnu  |T FAD Ústav architektúry občianskych budov  |X 115712  |U A8180  |Y 399  |7 115712 
242 0 1 |a Croatian Cultural Center, Jarovce  |y eng 
245 1 0 |a Centrum chorvátskej kultúry, Jarovce 
260 |c 2025 
650 4 |a community  |2 eng 
650 4 |a Croatian minority  |2 eng 
650 4 |a cultural centre  |2 eng 
650 4 |a komunita  |2 slo 
650 4 |a chorvátska menšina  |2 slo 
650 4 |a centrum kultúry  |2 slo 
700 1 |a Šimkovič, Vladimír  |4 ths  |X 394  |7 A000000394 
856 4 |u http://is.stuba.sk/zp/portal_zp.pl?podrobnosti=168391